[Event "EWCCC Online Preliminary-D 2020"]
[Site "Online"]
[Date "2020.12.19"]
[Round "7.4"]
[White "Dubovyk, Anastasiia"]
[Black "Jose Polanco, Kenia"]
[Result "1/2-1/2"]
[WhiteElo "1971"]
[BlackElo "1828"]
[Annotator "NA"]
[PlyCount "127"]
[EventDate "2020.12.19"]
[EventType "team-tourn"]
[EventCountry "NET"]
[SourceTitle "playchess.com"]
[Source "ChessBase"]
[SourceQuality "1"]
[TimeControl "900+5"]

1. e4 {[%emt 0:00:02]} c5 {[%emt 0:00:05]} 2. Nf3 {[%emt 0:00:03]} g6 {[%emt 0:00:03]} 3. c3 {[%emt 0:00:04]} Bg7 {[%emt 0:00:04]} 4. d4 {[%emt 0:00:02]} cxd4 {[%emt 0:00:02]} 5. cxd4 {[%emt 0:00:01]} d5 {[%emt 0:00:03]} 6. e5 {[%emt 0:00:02]} Bg4 {[%emt 0:00:08]} 7. Nbd2 {[%emt 0:00:05]} e6 {[%emt 0:00:08]} 8. h3 {[%emt 0:00:03]} Bxf3 {[%emt 0:00:10]} 9. Nxf3 {[%emt 0:00:02]} Nc6 {[%emt 0:00:03]} 10. Bd2 {[%emt 0:00:15]} Nge7 {[%emt 0:00:18]} 11. Bb5 {[%emt 0:00:04]} O-O {[%emt 0:00:04]} 12. O-O {[%emt 0:00:04]} Rc8 {[%emt 0:00:19]} 13. Rc1 {[%emt 0:00:14]} Qb6 {[%emt 0:00:07]} 14. Bxc6 {[%emt 0:00:05]} Nxc6 {[%emt 0:00:04]} 15. Bc3 {[%emt 0:00:03]} Bh6 {[%emt 0:00:41]} 16. Bd2 {[%emt 0:00:08]} Bg7 {[%emt 0:00:08]} 17. Bc3 {[%emt 0:00:12]} Bh6 {[%emt 0:00:05]} 18. Rc2 {[%emt 0:00:07]} Nb4 {[%emt 0:00:11]} 19. Bxb4 {[%emt 0:00:07]} Qxb4 {[%emt 0:00:04]} 20. a3 {[%emt 0:00:07]} Qb6 {[%emt 0:00:18]} 21. b4 {[%emt 0:00:07]} a5 {[%emt 0:00:27]} 22. bxa5 {[%emt 0:00:15]} Qxa5 {[%emt 0:00:02]} 23. Rb2 {[%emt 0:00:07]} b5 {[%emt 0:00:34]} 24. Qb3 {[%emt 0:00:35]} Rb8 {[%emt 0:00:19]} 25. Nh2 {[%emt 0:00:05]} Rfc8 {[%emt 0:00:35]} 26. Ng4 {[%emt 0:00:05]} Bg7 {[%emt 0:00:40]} 27. Ra1 {[%emt 0:01:08]} Rc3 {[%emt 0:01:08]} 28. Qb4 {[%emt 0:00:06]} Qxb4 {[%emt 0:00:54]} 29. Rxb4 {[%emt 0:00:06]} Bf8 {[%emt 0:01:04]} 30. Rbb1 {[%emt 0:01:03]} Bxa3 {[%emt 0:00:40]} 31. Ne3 {[%emt 0:00:07]} b4 {[%emt 0:01:02]} 32. Ra2 {[%emt 0:00:17]} Rbc8 {[%emt 0:00:14]} 33. Kh2 {[%emt 0:00:11]} Rd3 {[%emt 0:00:09]} 34. Rc2 {[%emt 0:00:40]} Rxc2 {[%emt 0:00:15]} 35. Nxc2 {[%emt 0:00:02]} Rd2 {[%emt 0:00:13]} 36. Nxb4 {[%emt 0:00:03]} Bxb4 {[%emt 0:00:10]} 37. Rxb4 {[%emt 0:00:03]} Rxf2 {[%emt 0:00:02]} 38. Kg3 {[%emt 0:00:04]} Rd2 {[%emt 0:00:07]} 39. Kf3 {[%emt 0:00:06]} Kg7 {[%emt 0:00:03]} 40. h4 {[%emt 0:00:04]} g5 {[%emt 0:00:14]} 41. hxg5 {[%emt 0:00:23]} Kg6 {[%emt 0:00:04]} 42. g3 {[%emt 0:04:07]} Kxg5 {[%emt 0:00:06]} 43. Ke3 {[%emt 0:00:07]} Rg2 {[%emt 0:00:07]} 44. Kf3 {[%emt 0:00:03]} Rd2 {[%emt 0:00:17]} 45. Ke3 {[%emt 0:00:02]} Rd1 {[%emt 0:00:04]} 46. Rb8 {[%emt 0:00:18]} h5 {[%emt 0:00:24]} 47. Rg8+ {[%emt 0:00:12]} Kh6 {[%emt 0:00:20]} 48. g4 {[%emt 0:00:33]} hxg4 {[%emt 0:00:07]} 49. Rxg4 {[%emt 0:00:04]} Rh1 {[%emt 0:00:21]} 50. Rg3 {[%emt 0:00:12]} Rh4 {[%emt 0:00:07]} 51. Rg2 {[%emt 0:00:06]} Kh7 {[%emt 0:00:07]} 52. Rg1 {[%emt 0:00:26]} Re4+ {[%emt 0:00:03]} 53. Kd3 {[%emt 0:00:02]} Rh4 {[%emt 0:00:04]} 54. Ke3 {[%emt 0:00:18]} Rh6 {[%emt 0:00:06]} 55. Rf1 {[%emt 0:00:38]} Kg7 {[%emt 0:00:06]} 56. Rg1+ {[%emt 0:00:04]} Rg6 {[%emt 0:00:03]} 57. Rf1 {[%emt 0:00:01]} f6 {[%emt 0:00:08]} 58. exf6+ {[%emt 0:00:04]} Rxf6 {[%emt 0:00:03]} 59. Rxf6 {[%emt 0:01:16]} Kxf6 {[%emt 0:00:02]} 60. Kf4 {[%emt 0:00:02]} Kf7 {[%emt 0:00:24]} 61. Kf3 {[%emt 0:00:03]} Kf6 {[%emt 0:00:15]} 62. Kf4 {[%emt 0:00:02]} Kf7 {[%emt 0:00:04]} 63. Kf3 {[%emt 0:00:01]} Kf6 {[%emt 0:00:07]} 64. Kf4 {[%emt 0:00:01]} 1/2-1/2

[Event "EWCCC Online Preliminary-D 2020"]
[Site "Online"]
[Date "2020.12.19"]
[Round "7.4"]
[White "Berezovska, Svetlana"]
[Black "Tsirulnik, Maritsa"]
[Result "0-1"]
[WhiteElo "1793"]
[BlackElo "2139"]
[Annotator "TA"]
[PlyCount "94"]
[EventDate "2020.12.19"]
[EventType "team-tourn"]
[EventCountry "NET"]
[SourceTitle "playchess.com"]
[Source "ChessBase"]
[SourceQuality "1"]

{[%evp 15,94,6,17,0,13,0,0,-2,-8,-8,0,-12,8,-56,-56,-65,-60,-66,-55,-108,-103,-107,-47,-51,-61,-120,-119,-112,-110,-137,-131,-207,-189,-198,-186,-210,-185,-182,-177,-195,-171,-178,-95,-249,-239,-761,-745,-754,-750,-719,-689,-804,-800,-803,-797,-767,-759,-867,-772,-1598,-1634,-1298,-1165,-12829,-11812,-12835,-6636,-5208,-1449,-6203,-2883,-5622,-5314,-29981,-29982,-29982,-29983,-29983,-29980,-29988,-29989]} 1. e4 c5 2. Nf3 e6 3. d4 cxd4 4. Nxd4 Nc6 5. Nc3 d6 6. Be3 Nf6 7. Be2 Be7 8. O-O O-O 9. h3 {B83: Sicilian Scheveningen: 6 Be2, lines without ...a6.} Qc7 {[#]} 10. Ndb5 $146 ({Predecessor:} 10. a4 Rd8 11. Qd2 Bd7 12. a5 Be8 13. Ndb5 Qc8 14. Rfd1 a6 15. Nd4 {½-½ (59) Richter,W (2214)-Rosenlechner,G ICCF email 2018}) 10... Qb8 11. f4 {The position is equal.} a6 12. Nd4 Nxd4 13. Bxd4 b5 14. e5 (14. a3 $11) 14... dxe5 $15 15. Bxe5 Qb6+ 16. Kh2 Bb7 17. Bf3 (17. Bd4 $15 Qc7 18. Be5) 17... Rad8 $17 18. Qe2 Nd7 (18... Bxf3 $17 19. Rxf3 Nd7) 19. Bxb7 $15 Qxb7 20. Rad1 ({Better is} 20. Bd4 $15) 20... Nxe5 $17 21. Qxe5 Bf6 $36 {[%mdl 2048] Black is really pushing.} 22. Qe3 b4 23. Na4 (23. Rxd8 $17 {keeps fighting.} Rxd8 24. Nd1) 23... Qc6 $19 24. b3 Qxc2 25. Rxd8 Rxd8 26. Rf2 Qc6 27. Rd2 Rxd2 28. Qxd2 g6 (28... a5 $19 29. Nb2 Qc3 $1 {[%mdl 512]}) 29. Nb2 $2 {[#] Now White is beyond hope.} (29. Qxb4 $17 Kg7 30. Nc5) 29... Qc3 $1 {[%cal Rc3d2]} 30. Qxc3 $2 (30. Nc4) 30... bxc3 {[%mdl 4096] Endgame KB-KN} 31. Nd3 c2 32. Kg3 {[#]} Bb2 $1 {[%mdl 512]} 33. Kf3 (33. Nxb2 c1=Q) 33... c1=Q 34. Nxc1 Bxc1 {KB-KP} 35. Ke4 Kg7 36. g3 Kf6 37. Kd4 g5 38. fxg5+ Kxg5 39. b4 Ba3 40. Kc4 e5 41. Kb3 Bc1 42. a4 Kf5 43. Kc4 Ke4 44. b5 axb5+ {Black mates.} 45. axb5 Be3 46. Kc3 Bb6 47. Kd2 Kf3 {Weighted Error Value: White=0.99/Black=0.06} 0-1

[Event "EWCCC Online Preliminary-D 2020"]
[Site "Online"]
[Date "2020.12.19"]
[Round "7.4"]
[White "Mashchenko, Tamila"]
[Black "Rubsamen, Anais"]
[Result "1-0"]
[WhiteElo "1768"]
[BlackElo "1692"]
[Annotator "NA"]
[PlyCount "53"]
[EventDate "2020.12.19"]
[EventType "team-tourn"]
[EventCountry "NET"]
[SourceTitle "playchess.com"]
[Source "ChessBase"]
[SourceQuality "1"]
[TimeControl "900+5"]

1. c4 {[%emt 0:00:06]} g6 {[%emt 0:00:03]} 2. Nc3 {[%emt 0:00:03]} Bg7 {[%emt 0:00:03]} 3. g3 {[%emt 0:00:02]} Nf6 {[%emt 0:00:03]} 4. Bg2 {[%emt 0:00:03]} c6 {[%emt 0:00:04]} 5. e4 {[%emt 0:00:05]} e5 {[%emt 0:00:06]} 6. Nge2 {[%emt 0:00:03]} d6 {[%emt 0:00:04]} 7. O-O {[%emt 0:00:03]} O-O {[%emt 0:00:04]} 8. d3 {[%emt 0:00:06]} Bg4 {[%emt 0:00:05]} 9. h3 {[%emt 0:00:03]} Bxe2 {[%emt 0:00:02]} 10. Qxe2 {[%emt 0:00:18]} Na6 {[%emt 0:00:08]} 11. f4 {[%emt 0:00:07]} Nc5 {[%emt 0:00:08]} 12. f5 {[%emt 0:00:11]} Nh5 {[%emt 0:00:15]} 13. Kh2 {[%emt 0:00:17]} Nf6 {[%emt 0:01:14]} 14. b4 {[%emt 0:00:20]} Na6 {[%emt 0:00:08]} 15. Rb1 {[%emt 0:00:07]} Nc7 {[%emt 0:00:48]} 16. g4 {[%emt 0:00:19]} d5 {[%emt 0:00:05]} 17. g5 {[%emt 0:00:27]} Nh5 {[%emt 0:00:13]} 18. f6 {[%emt 0:00:17]} Bh8 {[%emt 0:00:05]} 19. exd5 {[%emt 0:00:12]} cxd5 {[%emt 0:00:40]} 20. Nxd5 {[%emt 0:00:03]} Nxd5 {[%emt 0:00:07]} 21. Bxd5 {[%emt 0:00:04]} Nf4 {[%emt 0:00:05]} 22. Bxf4 {[%emt 0:00:08]} exf4 {[%emt 0:00:02]} 23. Qf3 {[%emt 0:00:43]} h6 {[%emt 0:00:14]} 24. Qxf4 {[%emt 0:00:24]} hxg5 {[%emt 0:00:02]} 25. Qxg5 {[%emt 0:00:04]} Re8 {[%emt 0:00:09]} 26. Qxg6+ {[%emt 0:01:51]} Kf8 {[%emt 0:00:04]} 27. Qxf7# {[%emt 0:00:02]} 1-0

[Event "EWCCC Online Preliminary-D 2020"]
[Site "Online"]
[Date "2020.12.19"]
[Round "7.4"]
[White "Berezovsky, Fiorina"]
[Black "Tsirulnik, Anna"]
[Result "1-0"]
[WhiteElo "1665"]
[BlackElo "1854"]
[Annotator "NA"]
[PlyCount "75"]
[EventDate "2020.12.19"]
[EventType "team-tourn"]
[EventCountry "NET"]
[SourceTitle "playchess.com"]
[Source "ChessBase"]
[SourceQuality "1"]
[TimeControl "900+5"]

1. d4 {[%emt 0:00:00]} Nf6 {[%emt 0:00:03]} 2. Nf3 {[%emt 0:00:06]} g6 {[%emt 0:00:02]} 3. c4 {[%emt 0:00:03]} Bg7 {[%emt 0:00:02]} 4. e3 {[%emt 0:00:05]} O-O {[%emt 0:00:07]} 5. Be2 {[%emt 0:00:05]} d5 {[%emt 0:00:01]} 6. Nc3 {[%emt 0:00:04]} c5 {[%emt 0:00:32]} 7. O-O {[%emt 0:00:06]} cxd4 {[%emt 0:00:08]} 8. exd4 {[%emt 0:00:05]} Nc6 {[%emt 0:00:05]} 9. cxd5 {[%emt 0:00:06]} Nxd5 {[%emt 0:00:03]} 10. Qb3 {[%emt 0:00:33]} Nb6 {[%emt 0:00:17]} 11. Rd1 {[%emt 0:00:08]} Bg4 {[%emt 0:00:11]} 12. Be3 {[%emt 0:00:13]} e6 {[%emt 0:00:16]} 13. h3 {[%emt 0:00:35]} Bxf3 {[%emt 0:00:12]} 14. Bxf3 {[%emt 0:00:04]} Qd7 {[%emt 0:00:32]} 15. Ne4 {[%emt 0:00:19]} Na5 {[%emt 0:00:38]} 16. Qc3 {[%emt 0:00:09]} Nac4 {[%emt 0:00:58]} 17. Nc5 {[%emt 0:00:08]} Qb5 {[%emt 0:00:17]} 18. b3 {[%emt 0:00:17]} Qxc5 {[%emt 0:00:49]} 19. bxc4 {[%emt 0:00:17]} Qxc4 {[%emt 0:00:08]} 20. Qxc4 {[%emt 0:00:09]} Nxc4 {[%emt 0:00:02]} 21. Rac1 {[%emt 0:00:04]} Na5 {[%emt 0:00:29]} 22. Rc7 {[%emt 0:00:28]} Rac8 {[%emt 0:00:05]} 23. Rdc1 {[%emt 0:00:24]} Rxc7 {[%emt 0:00:09]} 24. Rxc7 {[%emt 0:00:05]} Rb8 {[%emt 0:00:04]} 25. d5 {[%emt 0:00:27]} Be5 {[%emt 0:00:21]} 26. Rd7 {[%emt 0:00:41]} Rc8 {[%emt 0:00:47]} 27. g3 {[%emt 0:00:20]} Rc7 {[%emt 0:00:30]} 28. Rd8+ {[%emt 0:00:09]} Kg7 {[%emt 0:00:02]} 29. Bxa7 {[%emt 0:00:14]} exd5 {[%emt 0:00:36]} 30. Rxd5 {[%emt 0:00:12]} Rc1+ {[%emt 0:00:19]} 31. Kg2 {[%emt 0:00:06]} Nc6 {[%emt 0:00:03]} 32. Rb5 {[%emt 0:00:15]} Nxa7 {[%emt 0:00:42]} 33. Rxe5 {[%emt 0:00:25]} Kf6 {[%emt 0:00:29]} 34. Ra5 {[%emt 0:00:19]} Nc6 {[%emt 0:00:02]} 35. Rb5 {[%emt 0:00:15]} Ra1 {[%emt 0:00:38]} 36. Rxb7 {[%emt 0:00:16]} Na5 {[%emt 0:00:10]} 37. Rb6+ {[%emt 0:00:12]} Ke5 {[%emt 0:00:03]} 38. Rb5+ {[%emt 0:00:04]} 1-0

[Event "EWCCC Online Preliminary-D 2020"]
[Site "Online"]
[Date "2020.12.19"]
[Round "8.1"]
[White "Gunina, Valentina"]
[Black "Dubovyk, Anastasiia"]
[Result "1-0"]
[WhiteElo "2451"]
[BlackElo "1971"]
[Annotator "TA"]
[PlyCount "95"]
[EventDate "2020.12.19"]
[EventType "team-tourn"]
[EventCountry "NET"]
[SourceTitle "playchess.com"]
[Source "ChessBase"]
[SourceQuality "1"]

{[%evp 19,95,31,75,44,54,50,53,39,68,0,14,23,13,20,95,94,135,143,287,272,264,241,296,285,267,289,271,180,198,167,167,154,161,154,234,245,279,270,335,222,200,190,179,154,157,156,175,175,275,227,418,387,443,367,458,423,833,812,5706,5381,5614,5656,5306,4786,5226,5297,2817,1220,2613,2483,29974,29975,29976,29977,29973,29975,29967,29967]} 1. d4 Nf6 2. c4 g6 3. Nc3 Bg7 4. e4 d6 5. Nf3 O-O 6. Be2 e5 7. O-O Nc6 8. Be3 Ng4 9. Bg5 f6 10. Bh4 Qe8 11. Nd5 {E97: King's Indian: Classical Main Line (6...e5 7 0-0 Nc6): 8 Be3 and 8 d5 Ne7, not 9 Ne1.} Qf7 12. h3 Nh6 13. dxe5 {White is slightly better.} dxe5 14. Qc1 (14. Re1 $14) 14... g5 $11 15. Bg3 {[#]} g4 $146 ({Predecessor:} 15... Nd8 16. c5 c6 17. Ne3 Qg6 18. Nd2 Ne6 19. Rd1 Nd4 20. Bf1 f5 21. exf5 Nhxf5 22. Nxf5 Qxf5 {0-1 (36) Buehler,B (2205)-Scholz,C Germany 1992}) 16. hxg4 Nxg4 (16... Bxg4 $11 17. Re1 Rad8) 17. b4 $36 {[%cal Bb2b4,Bb4b5][%mdl 2080] White has strong initiative.} f5 {[#]} 18. b5 $1 {[%cal Rb5c6]} Nd4 {This move loses the game for Black.} (18... fxe4 $16 {is a better defense.} 19. Ng5 {[%mdl 64] Double Attack} (19. bxc6 exf3 20. cxb7 Bxb7 $16) 19... Nd4 20. Bxg4 Bxg4 21. Nxf7 Ne2+ 22. Kh2 Nxc1) 19. Nxd4 $18 exd4 20. Bxg4 (20. Nxc7 f4 $16) 20... fxg4 21. Nxc7 Rb8 22. Nd5 Ra8 23. Qg5 h6 24. Qd2 Be6 25. f4 gxf3 26. Rxf3 Qd7 (26... Qh5 $16) 27. Raf1 Bxd5 28. exd5 ({Weaker is} 28. cxd5 Rxf3 29. Rxf3 (29. gxf3 Qxb5 30. f4 Kh7 $16) 29... Qxb5 $16) 28... Qg4 29. Rxf8+ Rxf8 30. Rxf8+ Bxf8 31. Bf2 Bc5 32. Qxh6 b6 {[#] intending ...d3.} 33. Qd2 $1 Kf7 (33... Qe4 $142 34. Qe1 Qg6) 34. Qd3 Kf6 $2 (34... Ke8 35. g3 Kd8) 35. Kf1 Qf5 36. Ke2 Qe5+ 37. Kd1 Ke7 (37... Qf4 $142) 38. Bg3 Qg7 39. Qe4+ Kf8 40. Qf5+ Kg8 41. Qe6+ Kh7 42. Be5 Qg6 43. Qxg6+ Kxg6 44. g4 Kg5 45. d6 {White mates.} Kxg4 46. d7 Be7 47. Bc7 Kf5 48. d8=Q {Accuracy: White = 82%, Black = 37%.} 1-0

[Event "EWCCC Online Preliminary-D 2020"]
[Site "Online"]
[Date "2020.12.19"]
[Round "8.1"]
[White "Salimova, Nurgyul"]
[Black "Mashchenko, Tamila"]
[Result "1-0"]
[WhiteElo "2397"]
[BlackElo "1768"]
[Annotator "TA"]
[PlyCount "63"]
[EventDate "2020.12.19"]
[EventType "team-tourn"]
[EventCountry "NET"]
[SourceTitle "playchess.com"]
[Source "ChessBase"]
[SourceQuality "1"]

{[%evp 23,62,0,0,6,22,29,29,11,19,26,35,21,73,79,87,93,116,106,171,187,174,162,237,244,260,263,413,416,412,279,871,859,1202,1228,1342,1179,29992,29993,29993,29994,29999]} 1. d4 Nf6 2. Nf3 g6 3. c4 Bg7 4. Nc3 O-O 5. g3 d6 6. Bg2 Nbd7 7. O-O e5 8. b3 exd4 9. Nxd4 Re8 10. Qc2 Nc5 11. Rd1 Qe7 12. Bb2 c6 13. b4 {E67: King's Indian: Fianchetto: 6...Nbd7.} Nce4 14. Nxe4 Nxe4 {[#]} 15. Rd3 $146 {[#] Hoping for Bxe4.White has an edge.} ({Predecessor:} 15. e3 h5 16. Ne2 Bxb2 17. Qxb2 Bg4 18. f3 Nf6 19. e4 Be6 20. Rac1 Rad8 21. Nf4 {1-0 (52) Balakrishnan,P (2498)-Izoria,Z (2602) chess.com INT 2020}) 15... d5 16. cxd5 cxd5 17. Qb3 Qe5 (17... Bd7 $11) 18. Rb1 $16 Qd6 19. e3 Bd7 {[#]} 20. Ne2 $1 Bf5 (20... Nf6 $16) 21. Bxg7 ({Inferior is} 21. Qxd5 Qxd5 22. Rxd5 Nc3 $17) 21... Kxg7 22. Rxd5 Qc7 (22... Qf6 {keeps fighting.}) 23. Rc1 $18 Qb6 24. Nd4 Bg4 (24... Qf6 $142 25. Nxf5+ gxf5 26. Bxe4 fxe4) 25. f3 Nf6 26. Rb5 Qd6 $2 (26... Be6) 27. fxg4 Nxg4 28. Rxb7 Ne5 29. Rf1 {[%cal Rf1f7] Threatening mate with Rfxf7+.} Kh8 30. Rfxf7 {White mates.} Nxf7 31. Qxf7 {[%csl Gb7][%cal Rf7h7]} Rf8 32. Qxh7# {Black did not feel at home in the position after the opening. Accuracy: White = 85%, Black = 41%.} 1-0

[Event "EWCCC Online Preliminary-D 2020"]
[Site "Online"]
[Date "2020.12.19"]
[Round "8.1"]
[White "Tsirulnik, Maritsa"]
[Black "Bodnaruk, Anastasia"]
[Result "1/2-1/2"]
[WhiteElo "2139"]
[BlackElo "2423"]
[Annotator "TA"]
[PlyCount "134"]
[EventDate "2020.12.19"]
[EventType "team-tourn"]
[EventCountry "NET"]
[SourceTitle "playchess.com"]
[Source "ChessBase"]
[SourceQuality "1"]

{[%evp 14,134,45,22,49,41,46,49,41,17,21,0,0,13,21,19,31,0,0,-23,0,-16,-25,-20,0,4,19,22,37,31,26,22,23,12,93,102,147,35,37,5,2,0,0,0,0,0,23,37,58,0,63,0,110,79,91,87,87,87,97,88,84,0,0,0,120,87,66,85,175,164,402,390,641,332,327,323,325,312,314,267,388,363,1229,1137,5222,5202,5193,5193,3045,2564,1650,1089,5521,5521,5513,5511,4134,0,0,0,0,0,0,0,0,0,0,0,0,0,0,0,0,0,8,8,8,8,8,8,8,8,8]} 1. d4 Nf6 2. c4 g6 3. Nf3 Bg7 4. g3 O-O 5. Bg2 d6 6. O-O Nc6 7. Nc3 a6 8. Qd3 {8.b3 gains popularity.} Bd7 {E63: King's Indian: Fianchetto: Panno Variation with 7...a6.} 9. d5 Nb4 10. Qd1 {Threatens to win with a3.} a5 $1 {White is slightly better.} 11. a3 Na6 12. Nd4 Nc5 13. b3 {[#]} e5 $146 ({Predecessor:} 13... Qc8 14. Re1 Bh3 15. Bh1 Nfd7 16. Rb1 Nb6 17. e4 a4 18. b4 Ncd7 19. Bg5 Re8 {0-1 (34) Rogozenco,T (2067)-Mader,M (2126) Erfurt 2017}) 14. dxe6 fxe6 15. Bb2 e5 16. Ndb5 Bc6 17. Nd5 Nxd5 18. Bxd5+ Kh8 19. b4 Ne4 20. Nc3 Nf6 21. b5 Nxd5 22. cxd5 Bd7 23. a4 e4 (23... Bh3 $11) 24. Qc2 $16 Bh3 {[#]} 25. Nxe4 (25. Rfc1 $1 $16) 25... Bxf1 $14 26. Bxg7+ Kxg7 27. Qc3+ Kg8 28. Rxf1 Qe7 29. f3 Rf5 30. Rc1 Rf7 31. Qd2 (31. h4 $14) 31... Rf5 ({Better is} 31... Qe5 $11) 32. Qc3 (32. g4 $14 Re5 33. Rc4) 32... Rc8 (32... Rf7 $11) 33. b6 Rff8 34. bxc7 Rf7 {[%cal Re7c7]} 35. Qxa5 Rxc7 36. Rxc7 Qxc7 37. Qxc7 (37. Qd2 $16) 37... Rxc7 $11 38. Nxd6 $16 {[%mdl 4096] Endgame KR-KN} b6 (38... Kf8 $11 {remains equal.}) 39. Kf2 Kf8 40. e4 Rc2+ (40... Ke7 $16 {is a better defense.} 41. Nb5 Rc2+ 42. Ke3 Rxh2) 41. Ke3 $18 Ke7 $2 (41... Ra2) 42. e5 Kd7 $2 (42... h6 43. Kd4 Rd2+ 44. Kc4 Kd7) 43. Kd3 Rc5 {[#]} 44. Kd4 $1 Ra5 45. Nc4 Rxa4 {Hoping for ...b5.} 46. Kc3 Ra6 (46... Ke7 {was worth a try.} 47. Nxb6 Ra1) 47. Kb4 Kc7 $2 (47... Ra1 48. Nxb6+ Ke7) 48. e6 Ra1 49. d6+ Kc6 50. d7 Ra8 51. Ne5+ Kd6 52. Nf7+ Ke7 53. Kb5 Rb8 54. f4 h5 55. d8=Q+ $2 (55. h3 $18 Kxe6 56. d8=Q Rxd8 57. Nxd8+ Kf5 58. Nc6) 55... Rxd8 $11 {The position is equal.} 56. Nxd8 Kxd8 57. Kxb6 {KP-KP} Ke7 58. Kc5 {White threatens Kd5 and mate.} Kxe6 {K3P-KPP} 59. Kd4 Kf5 60. Ke3 Kg4 $1 61. Kf2 {Cut Off at move 61} Kh3 62. Kg1 h4 63. Kf2 hxg3+ 64. hxg3 {White wants to mate with Kf3.} Kg4 65. Kg2 g5 66. fxg5 Kxg5 67. Kf3 Kf5 {Black escapes into a draw.  Weighted Error Value: White=0.34/Black=0.42} 1/2-1/2

[Event "EWCCC Online Preliminary-D 2020"]
[Site "Online"]
[Date "2020.12.19"]
[Round "8.1"]
[White "Tsirulnik, Anna"]
[Black "Maltsevskaya, Aleksandra"]
[Result "0-1"]
[WhiteElo "1854"]
[BlackElo "2311"]
[Annotator "NA RC"]
[PlyCount "88"]
[EventDate "2020.12.19"]
[EventType "team-tourn"]
[EventCountry "NET"]
[SourceTitle "playchess.com"]
[Source "ChessBase"]
[SourceQuality "1"]
[TimeControl "900+5"]

1. d4 {[%emt 0:00:00]} Nf6 {[%emt 0:00:02]} 2. c4 {[%emt 0:00:03]} g6 {[%emt 0:00:02]} 3. Nc3 {[%emt 0:00:02]} Bg7 {[%emt 0:00:01]} 4. e4 {[%emt 0:00:01]} d6 {[%emt 0:00:01]} 5. h3 {[%emt 0:00:01]} O-O {[%emt 0:00:01]} 6. Nf3 {[%emt 0:00:02]} Na6 {[%emt 0:00:01]} 7. Be3 {[%emt 0:00:06]} c5 {[%emt 0:00:06]} 8. dxc5 {[%emt 0:00:30]} Nxc5 {[%emt 0:00:10]} 9. e5 {[%emt 0:00:17]} Nfe4 {[%emt 0:00:02]} 10. Nxe4 {[%emt 0:00:17]} Nxe4 {[%emt 0:00:02]} 11. exd6 {[%emt 0:01:15]} Qa5+ {[%emt 0:00:14]} 12. Bd2 {[%emt 0:00:12]} Qb6 {[%emt 0:00:24]} 13. Be3 {[%emt 0:00:27]} Qxb2 {[%emt 0:00:02]} 14. dxe7 {[%emt 0:00:13]} Re8 {[%emt 0:00:08]} 15. Rb1 {[%emt 0:02:35]} Qxa2 {[%emt 0:00:04]} 16. Bd3 {[%emt 0:01:26]} Nc3 {[%emt 0:00:12]} 17. Qb3 {[%emt 0:00:09]} Qa5 {[%emt 0:00:22]} 18. Qb4 {[%emt 0:01:36]} Nxb1 {[%emt 0:01:15]} 19. Qxa5 {[%emt 0:00:02]} Bc3+ {[%emt 0:00:02]} 20. Qxc3 {[%emt 0:00:05]} Nxc3 {[%emt 0:00:02]} 21. Kd2 {[%emt 0:00:21]} Na4 {[%emt 0:00:09]} 22. Ra1 {[%emt 0:00:06]} Nb2 {[%emt 0:00:02]} 23. Rxa7 {[%emt 0:00:30]} Rxa7 {[%emt 0:00:05]} 24. Bxa7 {[%emt 0:00:02]} Nxd3 {[%emt 0:00:02]} 25. Kxd3 {[%emt 0:00:02]} Rxe7 {[%emt 0:00:04]} 26. Nd4 {[%emt 0:00:19]} h5 {[%emt 0:00:07]} 27. Bb6 {[%emt 0:00:10]} Bd7 {[%emt 0:00:13]} 28. c5 {[%emt 0:00:05]} Re1 {[%emt 0:00:05]} 29. h4 {[%emt 0:00:25]} f6 {[%emt 0:00:13]} 30. g3 {[%emt 0:00:28]} Kf7 {[%emt 0:00:03]} 31. Nf3 {[%emt 0:00:13]} Bb5+ {[%emt 0:00:05]} 32. Kc3 {[%emt 0:00:32]} Rf1 {[%emt 0:00:02]} 33. Nd2 {[%emt 0:00:31]} Rc1+ {[%emt 0:00:12]} 34. Kd4 {[%emt 0:00:16]} Bc6 {[%emt 0:00:02]} 35. Bc7 {[%emt 0:00:20]} g5 {[%emt 0:00:08]} 36. Bd6 {[%emt 0:00:30]} Ke6 {[%emt 0:00:14]} 37. Ke3 {[%emt 0:00:42]} b5 {[%emt 0:00:05]} 38. Ke2 {[%emt 0:00:54]} b4 {[%emt 0:00:05]} 39. Nb3 {[%emt 0:00:11]} Rc3 {[%emt 0:00:02]} 40. Nd4+ {[%emt 0:00:03]} Kd5 {[%emt 0:00:01]} 41. Nf3 {[%emt 0:00:22]} b3 {[%emt 0:00:08]} 42. Nd2 {[%emt 0:00:25]} b2 {[%emt 0:00:05]} 43. hxg5 {[%emt 0:00:17]} Bb5+ {[%emt 0:00:02]} 44. Ke1 {[%emt 0:00:49]} Rc1# {[%emt 0:00:02]} 0-1